000 00489nam a22001697a 4500
003 NUST
005 20260514150309.0
008 260514b ||||| |||| 00| 0 eng d
020 _aDr Nadeem Shafiq Malik
082 _a891.43
_bSHA
100 _aDr Nadeem Shafiq Malik
_91666
245 _aGlobal Imprints & Appreciation of Allama Iqbal /
_cDr Nadeem Shafiq Malik
260 _aPakistan:
_bFiction House,
_c2015.
300 _a223 p ;
_c28.8 cm
563 _aHardcover
942 _2ddc
_cBK
999 _c617467
_d617467